000 01282nam a22003137a 4500
003 URS
005 20250819120335.0
008 250220b |||||||| |||| 00| 0 eng d
020 _a9798890105912
040 _beng
_cURS
_dURS
_erda
100 1 _aO'Neal, Katelyn,
_eauthor
245 1 0 _aModern engineering graphics and design /
_cKatelyn O'Neal
250 _a2024 edition.
264 1 _aCalifornia :
_bTritech Digital Media,
_c2024
300 _a1 online resource
_billustration
336 _2rdacontent
_atext
_btxt
337 _2rdamedia
_acomputer
_bc
338 _2rdacarrier
_aonline resource
_bcr
500 _aDescription based on online resource; title from PDF title page (viewed February 21, 2024)
504 _aIncludes bibliographical references and index
520 _a"Modern Engineering Graphics and Design" provides a comprehensive guide to technical graphics and design principles, ideal for engineering students and professionals.
650 0 _aEngineering design
_xGraphic methods
650 0 _a Technical drawings
_xStudy and teaching.
650 0 _aEngineering graphics
710 _aTritech Digital Media
710 2 _aTritech Digital Media
_epublisher.
856 _uhttps://tdmebooks.com/book-detail.php?book_id=OTI2OA==
942 _2lcc
_cE-BOOK
999 _c84079
_d84077